00258nam a2200097Ia 4500008004100000100001700041245006000058260002500118300000700143650001000150190216s9999||||xx |||||||||||||| ||und|| aRoopesh Paul 0aHindi-Munda Aathivasiyom Ki Prabasha Ur Unki Samskrithi bJayabharath Printers a74 aHindi